000
00330pab a2200145 454500
008
180718b1985 xxu||||| |||| 00| 0 eng d
100
_a
Dang, Satyapal
245
_a
Sikh problems
_b
Looking back
260
_c
1985
300
_a
5-6,32
362
_a
11 May
650
_a
Punjab Politics
773
_a
Mainstream
909
_a
16811
999
_c
16811
_d
16811